[Event "DVM U16 2022"]
[Site "Darmstadt GER"]
[Date "2022.12.28"]
[Round "4"]
[White "Yin, Haode"]
[Black "Ermitsch, Magnus"]
[Result "0-1"]
[Termination "normal"]
[Board "1.1"]
[BlackTitle "FM"]
[WhiteElo "1931"]
[BlackElo "2215"]
[WhiteClock "00:14:06"]
[BlackClock "00:48:14"]
[WhiteTeam "SchachAkademiePaderborn e. V."]
[BlackTeam "SC Borussia Lichtenberg"]
[PlyCount "88"]
[WhiteFideId "16261348"]
[BlackFideId "16234464"]
[EventCountry "GER"]
[EventRounds "7"]
[EventType "team-swiss"]
[EventDate "2022.12.26"]

1. d4 {[%clk 1:30:58]} Nf6 {[%clk 1:30:55]} 2. Nf3 {[%clk 1:31:24]} d5 {[%clk
1:31:19]} 3. g3 {[%clk 1:31:39]} e6 {[%clk 1:31:43]} 4. Bg2 {[%clk 1:32:06]} c5
{[%clk 1:32:08]} 5. c4 {[%clk 1:29:02]} dxc4 {[%clk 1:32:32]} 6. Qa4 {[%clk
1:29:00]} Nbd7 {[%clk 1:30:17]} 7. O-O {[%clk 1:25:12]} a6 {[%clk 1:28:21]} 8.
Qxc4 {[%clk 1:18:11]} b5 {[%clk 1:28:04]} 9. Qd3 {[%clk 1:18:14]} Bb7 {[%clk
1:26:38]} 10. b3 {[%clk 1:08:18]} cxd4 {[%clk 1:22:42]} 11. Nxd4 {[%clk
1:08:20]} Ne5 {[%clk 1:18:34]} 12. Qd1 {[%clk 1:07:04]} Bxg2 {[%clk 1:18:25]}
13. Kxg2 {[%clk 1:07:32]} Qd5 {[%clk 1:17:15]} 14. Nf3 {[%clk 1:01:28]} Nxf3
{[%clk 1:16:42]} 15. exf3 {[%clk 0:59:51]} Qb7 {[%clk 1:12:49]} 16. Bb2 {[%clk
0:56:38]} Be7 {[%clk 1:12:19]} 17. Qe2 {[%clk 0:56:04]} O-O {[%clk 1:11:30]}
18. Nc3 {[%clk 0:52:08]} b4 {[%clk 1:07:38]} 19. Nd1 {[%clk 0:50:14]} Qb5
{[%clk 1:05:10]} 20. Re1 {[%clk 0:43:02]} Nd5 {[%clk 1:02:18]} 21. Ne3 {[%clk
0:39:45]} Nc3 {[%clk 1:01:32]} 22. Bxc3 {[%clk 0:37:57]} bxc3 {[%clk 1:01:25]}
23. Nc4 {[%clk 0:36:10]} Rac8 {[%clk 0:59:14]} 24. Rac1 {[%clk 0:35:20]} Rc7
{[%clk 0:56:22]} 25. Qe4 {[%clk 0:32:00]} Bf6 {[%clk 0:55:58]} 26. Red1 {[%clk
0:30:47]} a5 {[%clk 0:54:26]} 27. Rd6 {[%clk 0:23:20]} a4 {[%clk 0:48:52]} 28.
Rb6 {[%clk 0:21:01]} Qc5 {[%clk 0:46:27]} 29. Rc2 {[%clk 0:19:12]} Rd8 {[%clk
0:45:56]} 30. Ra6 {[%clk 0:17:23]} axb3 {[%clk 0:44:46]} 31. axb3 {[%clk
0:17:46]} Rcc8 {[%clk 0:41:59]} 32. Rca2 {[%clk 0:14:35]} Qd5 {[%clk 0:33:38]}
33. R6a5 {[%clk 0:10:08]} Qd1 {[%clk 0:32:52]} 34. Rb5 {[%clk 0:05:25]} h6
{[%clk 0:31:17]} 35. Qe2 {[%clk 0:03:13]} Qb1 {[%clk 0:26:56]} 36. Qc2 {[%clk
0:02:57]} Rd1 {[%clk 0:26:17]} 37. Qxb1 {[%clk 0:02:09]} Rxb1 {[%clk 0:26:44]}
38. Rc2 {[%clk 0:01:03]} Rb2 {[%clk 0:22:00]} 39. Rc1 {[%clk 0:01:12]} Ra8
{[%clk 0:19:24]} 40. Ne5 {[%clk 0:00:42]} Raa2 {[%clk 0:18:46]} 41. Rxc3 {[%clk
0:16:39]} Rxf2 {[%clk 0:48:39]} 42. Kg1 {[%clk 0:16:57]} Rfe2 {[%clk 0:47:31]}
43. Rc8 {[%clk 0:13:45]} Kh7 {[%clk 0:47:51]} 44. Nd3 {[%clk 0:14:06]} Ra1
{[%clk 0:48:14]} 0-1

[Event "DVM U16 2022"]
[Site "Darmstadt GER"]
[Date "2022.12.28"]
[Round "4"]
[White "Klühs, Gustaf"]
[Black "Rohm, Linus"]
[Result "1/2-1/2"]
[Termination "normal"]
[Board "1.2"]
[WhiteElo "1858"]
[BlackElo "1854"]
[WhiteClock "00:18:23"]
[BlackClock "00:10:29"]
[WhiteTeam "SC Borussia Lichtenberg"]
[BlackTeam "SchachAkademiePaderborn e. V."]
[PlyCount "82"]
[WhiteFideId "16228936"]
[BlackFideId "16298217"]
[EventCountry "GER"]
[EventRounds "7"]
[EventType "team-swiss"]
[EventDate "2022.12.26"]

1. e4 {[%clk 1:30:57]} e6 {[%clk 1:30:34]} 2. d4 {[%clk 1:31:24]} d5 {[%clk
1:30:59]} 3. Nd2 {[%clk 1:31:47]} c5 {[%clk 1:31:14]} 4. exd5 {[%clk 1:32:13]}
Qxd5 {[%clk 1:30:52]} 5. Ngf3 {[%clk 1:32:39]} cxd4 {[%clk 1:31:00]} 6. Bc4
{[%clk 1:33:02]} Qd6 {[%clk 1:31:17]} 7. O-O {[%clk 1:33:27]} Nf6 {[%clk
1:31:31]} 8. Nb3 {[%clk 1:33:50]} Nc6 {[%clk 1:31:49]} 9. Nbxd4 {[%clk
1:34:15]} Nxd4 {[%clk 1:32:10]} 10. Nxd4 {[%clk 1:34:40]} Be7 {[%clk 1:32:21]}
11. Re1 {[%clk 1:30:32]} O-O {[%clk 1:32:16]} 12. c3 {[%clk 1:30:39]} Bd7
{[%clk 1:30:35]} 13. Qe2 {[%clk 1:28:03]} Qc7 {[%clk 1:28:41]} 14. Bg5 {[%clk
1:24:32]} Rac8 {[%clk 1:25:25]} 15. Bb3 {[%clk 1:21:53]} a5 {[%clk 1:22:07]}
16. a4 {[%clk 1:14:59]} Qb6 {[%clk 1:08:54]} 17. Bc2 {[%clk 1:07:30]} h6 {[%clk
0:57:35]} 18. Be3 {[%clk 1:01:50]} Qc7 {[%clk 0:50:50]} 19. Qf3 {[%clk
0:57:39]} Bc6 {[%clk 0:37:22]} 20. Qh3 {[%clk 0:56:50]} Rfd8 {[%clk 0:36:35]}
21. Bxh6 {[%clk 0:40:46]} Rd5 {[%clk 0:34:50]} 22. Nxc6 {[%clk 0:31:12]} bxc6
{[%clk 0:33:53]} 23. Be3 {[%clk 0:28:56]} Rh5 {[%clk 0:32:52]} 24. Qf3 {[%clk
0:25:30]} Qxh2 {[%clk 0:31:28]} 25. Kf1 {[%clk 0:25:56]} Nd5 {[%clk 0:27:14]}
26. Be4 {[%clk 0:23:32]} Rb8 {[%clk 0:26:23]} 27. Rab1 {[%clk 0:22:40]} Nxe3
{[%clk 0:23:40]} 28. Qxe3 {[%clk 0:22:49]} Qc7 {[%clk 0:20:43]} 29. Bf3 {[%clk
0:21:05]} Rh6 {[%clk 0:16:43]} 30. g3 {[%clk 0:20:36]} Qb6 {[%clk 0:16:22]} 31.
Kg2 {[%clk 0:17:35]} Bc5 {[%clk 0:16:02]} 32. Qe2 {[%clk 0:17:58]} Bxf2 {[%clk
0:15:50]} 33. Rh1 {[%clk 0:18:03]} Rxh1 {[%clk 0:14:28]} 34. Rxh1 {[%clk
0:18:27]} Be3 {[%clk 0:13:55]} 35. b4 {[%clk 0:17:01]} axb4 {[%clk 0:13:51]}
36. cxb4 {[%clk 0:17:21]} Bh6 {[%clk 0:13:30]} 37. Rb1 {[%clk 0:17:26]} Rd8
{[%clk 0:13:34]} 38. Rb2 {[%clk 0:17:41]} Bc1 {[%clk 0:12:16]} 39. Rc2 {[%clk
0:17:39]} Qxb4 {[%clk 0:12:20]} 40. Bxc6 {[%clk 0:18:01]} Rd2 {[%clk 0:10:07]}
41. Rxd2 {[%clk 0:18:23]} Qxd2 {[%clk 0:10:29]} 1/2-1/2

[Event "DVM U16 2022"]
[Site "Darmstadt GER"]
[Date "2022.12.28"]
[Round "4"]
[White "Gering, Jakob"]
[Black "Zielke, Ansgar"]
[Result "1-0"]
[Termination "normal"]
[Board "1.3"]
[WhiteElo "1539"]
[BlackElo "1549"]
[WhiteClock "00:15:43"]
[BlackClock "00:27:55"]
[WhiteTeam "SchachAkademiePaderborn e. V."]
[BlackTeam "SC Borussia Lichtenberg"]
[PlyCount "51"]
[WhiteFideId "16298225"]
[BlackFideId "16244800"]
[EventCountry "GER"]
[EventRounds "7"]
[EventType "team-swiss"]
[EventDate "2022.12.26"]

1. d4 {[%clk 1:30:54]} d5 {[%clk 1:30:53]} 2. Nf3 {[%clk 1:31:15]} Nf6 {[%clk
1:31:16]} 3. g3 {[%clk 1:31:41]} e6 {[%clk 1:31:38]} 4. Bg2 {[%clk 1:32:05]}
Be7 {[%clk 1:31:55]} 5. O-O {[%clk 1:32:25]} O-O {[%clk 1:32:17]} 6. c4 {[%clk
1:32:51]} dxc4 {[%clk 1:31:47]} 7. Ne5 {[%clk 1:33:07]} Nc6 {[%clk 1:30:57]} 8.
Nxc6 {[%clk 1:33:19]} bxc6 {[%clk 1:31:19]} 9. Na3 {[%clk 1:33:46]} Ba6 {[%clk
1:21:56]} 10. Qa4 {[%clk 1:24:50]} Bb5 {[%clk 1:14:01]} 11. Nxb5 {[%clk
1:24:15]} cxb5 {[%clk 1:14:20]} 12. Qxb5 {[%clk 1:23:22]} Rb8 {[%clk 1:14:09]}
13. Qxc4 {[%clk 1:20:30]} Rb4 {[%clk 1:14:22]} 14. Qc2 {[%clk 1:17:42]} Rxd4
{[%clk 1:10:05]} 15. Be3 {[%clk 1:14:27]} Rb4 {[%clk 1:03:42]} 16. a3 {[%clk
1:04:27]} Rg4 {[%clk 0:59:22]} 17. Bxa7 {[%clk 0:56:33]} Nd5 {[%clk 0:56:38]}
18. Bc5 {[%clk 0:47:50]} f5 {[%clk 0:52:57]} 19. Rad1 {[%clk 0:42:15]} f4
{[%clk 0:39:56]} 20. Qe4 {[%clk 0:31:32]} Qc8 {[%clk 0:32:41]} 21. Rxd5 {[%clk
0:23:15]} exd5 {[%clk 0:31:36]} 22. Qxd5 {[%clk 0:20:08]} Kh8 {[%clk 0:31:08]}
23. Bxe7 {[%clk 0:20:08]} Re8 {[%clk 0:30:55]} 24. Bh3 {[%clk 0:18:07]} Rxg3
{[%clk 0:27:50]} 25. fxg3 {[%clk 0:16:40]} Qxh3 {[%clk 0:27:55]} 26. Rxf4
{[%clk 0:15:43]} 1-0

[Event "DVM U16 2022"]
[Site "Darmstadt GER"]
[Date "2022.12.28"]
[Round "4"]
[White "Orlowski, Arthur"]
[Black "Bade, Deniz"]
[Result "0-1"]
[Termination "normal"]
[Board "1.4"]
[WhiteElo "1764"]
[BlackElo "1438"]
[WhiteClock "00:05:07"]
[BlackClock "00:10:32"]
[WhiteTeam "SC Borussia Lichtenberg"]
[BlackTeam "SchachAkademiePaderborn e. V."]
[PlyCount "94"]
[WhiteFideId "34640177"]
[BlackFideId "34605959"]
[EventCountry "GER"]
[EventRounds "7"]
[EventType "team-swiss"]
[EventDate "2022.12.26"]

1. d4 {[%clk 1:30:58]} Nf6 {[%clk 1:30:54]} 2. Nf3 {[%clk 1:31:23]} e6 {[%clk
1:31:17]} 3. c4 {[%clk 1:31:30]} d5 {[%clk 1:31:34]} 4. g3 {[%clk 1:31:56]}
dxc4 {[%clk 1:32:00]} 5. Bg2 {[%clk 1:32:18]} a6 {[%clk 1:32:11]} 6. a4 {[%clk
1:32:05]} Nc6 {[%clk 1:31:42]} 7. O-O {[%clk 1:31:03]} Rb8 {[%clk 1:30:53]} 8.
Nc3 {[%clk 1:20:22]} Be7 {[%clk 1:26:10]} 9. e4 {[%clk 1:17:48]} O-O {[%clk
1:25:15]} 10. d5 {[%clk 1:12:01]} Nb4 {[%clk 1:22:12]} 11. Ne5 {[%clk 1:09:34]}
exd5 {[%clk 1:20:01]} 12. Nxd5 {[%clk 0:56:52]} Nfxd5 {[%clk 1:18:03]} 13. exd5
{[%clk 0:56:34]} Bf5 {[%clk 1:13:28]} 14. Bd2 {[%clk 0:44:57]} Nxd5 {[%clk
1:10:24]} 15. Rc1 {[%clk 0:42:26]} Bf6 {[%clk 1:05:59]} 16. Nxc4 {[%clk
0:36:28]} Ne7 {[%clk 0:50:39]} 17. Bc3 {[%clk 0:32:13]} Bxc3 {[%clk 0:47:56]}
18. Rxc3 {[%clk 0:32:06]} Qxd1 {[%clk 0:44:20]} 19. Rxd1 {[%clk 0:32:31]} c6
{[%clk 0:43:01]} 20. Re3 {[%clk 0:29:31]} Be6 {[%clk 0:42:25]} 21. Nb6 {[%clk
0:25:03]} Rfd8 {[%clk 0:38:08]} 22. Red3 {[%clk 0:24:14]} Rxd3 {[%clk 0:38:23]}
23. Rxd3 {[%clk 0:24:37]} Re8 {[%clk 0:31:56]} 24. Nd7 {[%clk 0:21:25]} f6
{[%clk 0:25:30]} 25. Nc5 {[%clk 0:18:38]} Bc8 {[%clk 0:25:30]} 26. h3 {[%clk
0:14:55]} Kf7 {[%clk 0:24:31]} 27. Rb3 {[%clk 0:14:47]} b5 {[%clk 0:22:12]} 28.
axb5 {[%clk 0:13:54]} axb5 {[%clk 0:21:41]} 29. Ne4 {[%clk 0:13:16]} Rd8 {[%clk
0:21:37]} 30. Rc3 {[%clk 0:12:00]} Rd4 {[%clk 0:18:22]} 31. Rc5 {[%clk
0:10:18]} Bxh3 {[%clk 0:13:59]} 32. Ng5 {[%clk 0:09:17]} fxg5 {[%clk 0:14:22]}
33. Bxh3 {[%clk 0:09:40]} g4 {[%clk 0:13:21]} 34. Bg2 {[%clk 0:09:45]} Rd2
{[%clk 0:12:32]} 35. Bxc6 {[%clk 0:08:24]} Nxc6 {[%clk 0:12:49]} 36. Rxc6
{[%clk 0:08:44]} Rxb2 {[%clk 0:13:08]} 37. Rc5 {[%clk 0:08:48]} b4 {[%clk
0:12:40]} 38. Rg5 {[%clk 0:09:05]} b3 {[%clk 0:12:42]} 39. Rxg4 {[%clk
0:09:29]} Rc2 {[%clk 0:12:39]} 40. Rb4 {[%clk 0:09:42]} b2 {[%clk 0:13:01]} 41.
Kg2 {[%clk 0:10:07]} Ke6 {[%clk 0:12:50]} 42. Kf3 {[%clk 0:10:13]} Kd5 {[%clk
0:12:44]} 43. Ke3 {[%clk 0:10:24]} Kc5 {[%clk 0:11:59]} 44. Rb7 {[%clk
0:09:07]} Kc4 {[%clk 0:11:06]} 45. Rc7 {[%clk 0:08:05]} Kb3 {[%clk 0:10:57]}
46. Rb7 {[%clk 0:04:40]} Ka2 {[%clk 0:10:39]} 47. Ra7 {[%clk 0:05:07]} Kb1
{[%clk 0:10:32]} 0-1

[Event "DVM U16 2022"]
[Site "Darmstadt GER"]
[Date "2022.12.28"]
[Round "4"]
[White "Bungarten, Jona"]
[Black "Reichmann, Felix"]
[Result "1/2-1/2"]
[Termination "normal"]
[Board "2.1"]
[WhiteElo "2151"]
[BlackElo "1813"]
[WhiteClock "00:12:32"]
[BlackClock "00:02:30"]
[WhiteTeam "Schachfreunde Brackel 1930 e. V."]
[BlackTeam "Schachfreunde Nordost Berlin"]
[PlyCount "83"]
[WhiteFideId "16223608"]
[BlackFideId "16238290"]
[EventCountry "GER"]
[EventRounds "7"]
[EventType "team-swiss"]
[EventDate "2022.12.26"]

1. e4 {[%clk 1:30:55]} c5 {[%clk 1:30:57]} 2. d4 {[%clk 1:31:23]} cxd4 {[%clk
1:31:23]} 3. c3 {[%clk 1:31:49]} dxc3 {[%clk 1:31:14]} 4. Nxc3 {[%clk 1:32:12]}
e6 {[%clk 1:31:25]} 5. Nf3 {[%clk 1:32:34]} a6 {[%clk 1:31:39]} 6. Bc4 {[%clk
1:32:50]} b5 {[%clk 1:31:58]} 7. Bb3 {[%clk 1:33:15]} Nc6 {[%clk 1:32:16]} 8.
O-O {[%clk 1:33:31]} Na5 {[%clk 1:27:45]} 9. Re1 {[%clk 1:30:37]} Nxb3 {[%clk
1:18:03]} 10. Qxb3 {[%clk 1:30:03]} Bb7 {[%clk 1:15:57]} 11. Be3 {[%clk
1:25:55]} Nf6 {[%clk 1:07:49]} 12. Bd4 {[%clk 1:08:14]} Be7 {[%clk 1:05:46]}
13. Ne5 {[%clk 1:05:48]} d6 {[%clk 0:47:49]} 14. Nd3 {[%clk 0:57:59]} e5 {[%clk
0:42:53]} 15. Be3 {[%clk 0:55:46]} Nxe4 {[%clk 0:40:49]} 16. Nd5 {[%clk
0:54:44]} Nf6 {[%clk 0:35:20]} 17. Nb6 {[%clk 0:50:49]} Rb8 {[%clk 0:35:06]}
18. a4 {[%clk 0:50:58]} Bc6 {[%clk 0:24:07]} 19. Nb4 {[%clk 0:46:48]} Rxb6
{[%clk 0:13:13]} 20. a5 {[%clk 0:47:02]} Rb7 {[%clk 0:12:19]} 21. Nxc6 {[%clk
0:47:18]} Qa8 {[%clk 0:12:16]} 22. f4 {[%clk 0:46:47]} Rc7 {[%clk 0:10:31]} 23.
fxe5 {[%clk 0:45:37]} dxe5 {[%clk 0:10:47]} 24. Nxe5 {[%clk 0:45:40]} O-O
{[%clk 0:09:23]} 25. Rad1 {[%clk 0:38:54]} Qc8 {[%clk 0:04:33]} 26. Kh1 {[%clk
0:32:52]} Qe6 {[%clk 0:03:55]} 27. Qxe6 {[%clk 0:31:37]} fxe6 {[%clk 0:04:24]}
28. Bb6 {[%clk 0:30:34]} Rc2 {[%clk 0:04:46]} 29. Nd3 {[%clk 0:30:07]} Rc6
{[%clk 0:04:15]} 30. Ne5 {[%clk 0:26:50]} Rd6 {[%clk 0:04:21]} 31. Rc1 {[%clk
0:26:53]} Rd2 {[%clk 0:01:25]} 32. Nc6 {[%clk 0:23:54]} Bd6 {[%clk 0:01:35]}
33. Rxe6 {[%clk 0:23:56]} Ng4 {[%clk 0:01:25]} 34. Nd4 {[%clk 0:21:08]} Nf2
{[%clk 0:01:23]} 35. Kg1 {[%clk 0:21:35]} Nd3 {[%clk 0:01:43]} 36. Rb1 {[%clk
0:16:36]} Bc5 {[%clk 0:01:39]} 37. Bxc5 {[%clk 0:11:37]} Nxc5 {[%clk 0:02:07]}
38. Rc6 {[%clk 0:12:00]} Rxd4 {[%clk 0:02:02]} 39. Rxc5 {[%clk 0:12:29]} Rd2
{[%clk 0:01:56]} 40. Rf1 {[%clk 0:11:49]} Rxb2 {[%clk 0:02:03]} 41. Rxf8 {[%clk
0:12:07]} Kxf8 {[%clk 0:02:30]} 42. Rc6 {[%clk 0:12:32]} 1/2-1/2

[Event "DVM U16 2022"]
[Site "Darmstadt GER"]
[Date "2022.12.28"]
[Round "4"]
[White "Gutewort, Paul Emil"]
[Black "Tomasjan, Samuel"]
[Result "0-1"]
[Termination "normal"]
[Board "2.2"]
[WhiteElo "1667"]
[BlackElo "1796"]
[WhiteClock "00:02:59"]
[BlackClock "00:04:43"]
[WhiteTeam "Schachfreunde Nordost Berlin"]
[BlackTeam "Schachfreunde Brackel 1930 e. V."]
[PlyCount "88"]
[WhiteFideId "16204182"]
[BlackFideId "16235584"]
[EventCountry "GER"]
[EventRounds "7"]
[EventType "team-swiss"]
[EventDate "2022.12.26"]

1. c4 {[%clk 1:30:58]} e6 {[%clk 1:30:46]} 2. g3 {[%clk 1:31:00]} d5 {[%clk
1:31:10]} 3. Bg2 {[%clk 1:31:25]} Nf6 {[%clk 1:31:35]} 4. Nf3 {[%clk 1:31:50]}
dxc4 {[%clk 1:31:56]} 5. Qa4 {[%clk 1:31:41]} Nbd7 {[%clk 1:32:20]} 6. Qxc4
{[%clk 1:32:02]} a6 {[%clk 1:32:40]} 7. Qc2 {[%clk 1:31:47]} c5 {[%clk
1:26:12]} 8. O-O {[%clk 1:29:24]} b5 {[%clk 1:25:08]} 9. Ne5 {[%clk 1:17:52]}
Nd5 {[%clk 1:25:15]} 10. d4 {[%clk 0:56:27]} Nxe5 {[%clk 1:21:09]} 11. dxe5
{[%clk 0:54:56]} Bb7 {[%clk 1:19:53]} 12. Rd1 {[%clk 0:52:49]} Qc7 {[%clk
1:18:08]} 13. a3 {[%clk 0:46:12]} Qxe5 {[%clk 1:01:44]} 14. e4 {[%clk 0:42:01]}
Nb6 {[%clk 0:59:49]} 15. Bf4 {[%clk 0:41:53]} Qf6 {[%clk 0:55:42]} 16. Bc7
{[%clk 0:38:08]} e5 {[%clk 0:49:26]} 17. Qd2 {[%clk 0:34:56]} Be7 {[%clk
0:47:14]} 18. Bxb6 {[%clk 0:34:15]} Qxb6 {[%clk 0:47:36]} 19. Qd7 {[%clk
0:34:38]} Kf8 {[%clk 0:48:01]} 20. Nc3 {[%clk 0:33:57]} Rd8 {[%clk 0:39:43]}
21. Qf5 {[%clk 0:33:46]} Qe6 {[%clk 0:31:59]} 22. Qf3 {[%clk 0:30:27]} g6
{[%clk 0:26:59]} 23. Rxd8 {[%clk 0:30:01]} Bxd8 {[%clk 0:27:20]} 24. Qe3 {[%clk
0:30:13]} Be7 {[%clk 0:24:17]} 25. Qh6 {[%clk 0:29:26]} Kg8 {[%clk 0:24:06]}
26. Rd1 {[%clk 0:27:41]} Bc6 {[%clk 0:12:43]} 27. Nd5 {[%clk 0:21:08]} Bf8
{[%clk 0:10:59]} 28. Qg5 {[%clk 0:20:55]} Kg7 {[%clk 0:10:21]} 29. Qd8 {[%clk
0:10:28]} Be7 {[%clk 0:09:13]} 30. Qxe7 {[%clk 0:09:55]} Bxd5 {[%clk 0:09:38]}
31. Qxc5 {[%clk 0:10:15]} Bb7 {[%clk 0:09:38]} 32. Qd6 {[%clk 0:08:14]} Qxd6
{[%clk 0:08:19]} 33. Rxd6 {[%clk 0:08:37]} Rc8 {[%clk 0:08:19]} 34. Bf3 {[%clk
0:06:18]} Rc2 {[%clk 0:06:01]} 35. Rb6 {[%clk 0:06:26]} Bc8 {[%clk 0:05:35]}
36. Rb8 {[%clk 0:06:45]} Bh3 {[%clk 0:05:42]} 37. Rd8 {[%clk 0:06:48]} Rxb2
{[%clk 0:05:40]} 38. Bd1 {[%clk 0:05:57]} Rb1 {[%clk 0:04:58]} 39. f3 {[%clk
0:06:14]} Be6 {[%clk 0:04:34]} 40. Kf2 {[%clk 0:04:50]} Bb3 {[%clk 0:04:08]}
41. Be2 {[%clk 0:02:56]} Ra1 {[%clk 0:03:43]} 42. Ra8 {[%clk 0:02:07]} Rxa3
{[%clk 0:03:57]} 43. Bxb5 {[%clk 0:02:32]} Ra2 {[%clk 0:04:21]} 44. Be2 {[%clk
0:02:59]} Bc4 {[%clk 0:04:43]} 0-1

[Event "DVM U16 2022"]
[Site "Darmstadt GER"]
[Date "2022.12.28"]
[Round "4"]
[White "Kasapchuk, Oleksandr Jr."]
[Black "Duduka, Artem"]
[Result "0-1"]
[Termination "normal"]
[Board "2.3"]
[WhiteElo "1650"]
[BlackElo "1602"]
[WhiteClock "00:17:45"]
[BlackClock "00:28:03"]
[WhiteTeam "Schachfreunde Brackel 1930 e. V."]
[BlackTeam "Schachfreunde Nordost Berlin"]
[PlyCount "80"]
[WhiteFideId "14197596"]
[BlackFideId "14194805"]
[EventCountry "GER"]
[EventRounds "7"]
[EventType "team-swiss"]
[EventDate "2022.12.26"]

1. e4 {[%clk 1:30:59]} e5 {[%clk 1:30:52]} 2. Nf3 {[%clk 1:31:27]} Nc6 {[%clk
1:31:15]} 3. Bb5 {[%clk 1:31:53]} Nge7 {[%clk 1:31:36]} 4. Nc3 {[%clk 1:25:33]}
a6 {[%clk 1:31:30]} 5. Ba4 {[%clk 1:25:29]} d6 {[%clk 1:30:53]} 6. h3 {[%clk
1:19:36]} Bd7 {[%clk 1:28:38]} 7. O-O {[%clk 1:19:34]} b5 {[%clk 1:25:06]} 8.
Bb3 {[%clk 1:19:59]} Na5 {[%clk 1:25:32]} 9. Ne2 {[%clk 1:17:13]} Nxb3 {[%clk
1:25:45]} 10. axb3 {[%clk 1:17:39]} g6 {[%clk 1:24:18]} 11. d4 {[%clk 1:17:10]}
Nc6 {[%clk 1:22:45]} 12. d5 {[%clk 1:16:25]} Ne7 {[%clk 1:22:32]} 13. Bg5
{[%clk 1:14:54]} Bg7 {[%clk 1:20:24]} 14. Ng3 {[%clk 1:08:05]} h6 {[%clk
1:18:36]} 15. Bd2 {[%clk 1:08:02]} O-O {[%clk 1:17:45]} 16. Qc1 {[%clk
1:07:14]} Kh7 {[%clk 1:17:08]} 17. c4 {[%clk 1:06:15]} f5 {[%clk 1:15:17]} 18.
Kh2 {[%clk 1:03:29]} f4 {[%clk 1:13:49]} 19. Ne2 {[%clk 1:03:47]} bxc4 {[%clk
1:12:29]} 20. bxc4 {[%clk 1:03:56]} g5 {[%clk 1:12:09]} 21. Rh1 {[%clk
1:02:12]} Ng6 {[%clk 1:09:34]} 22. Ra3 {[%clk 1:01:45]} h5 {[%clk 1:08:33]} 23.
Kg1 {[%clk 0:53:50]} Kg8 {[%clk 1:07:49]} 24. Kf1 {[%clk 0:52:30]} g4 {[%clk
1:07:09]} 25. hxg4 {[%clk 0:48:33]} hxg4 {[%clk 1:07:25]} 26. Ne1 {[%clk
0:48:38]} Nh4 {[%clk 1:03:37]} 27. g3 {[%clk 0:44:53]} fxg3 {[%clk 0:56:02]}
28. Rxg3 {[%clk 0:44:51]} Nf3 {[%clk 0:49:10]} 29. Nxf3 {[%clk 0:43:50]} Rxf3
{[%clk 0:49:01]} 30. Rxf3 {[%clk 0:44:00]} gxf3 {[%clk 0:49:26]} 31. Ng3 {[%clk
0:44:25]} Qc8 {[%clk 0:45:14]} 32. Nh5 {[%clk 0:42:42]} Bh3 {[%clk 0:45:12]}
33. Ke1 {[%clk 0:43:07]} Qg4 {[%clk 0:44:59]} 34. Ng3 {[%clk 0:42:14]} Bf6
{[%clk 0:43:09]} 35. Be3 {[%clk 0:27:57]} Bh4 {[%clk 0:34:28]} 36. Qc2 {[%clk
0:25:53]} Bxg3 {[%clk 0:33:12]} 37. fxg3 {[%clk 0:26:11]} Qxg3 {[%clk 0:32:59]}
38. Bf2 {[%clk 0:26:18]} Qg4 {[%clk 0:33:04]} 39. Kd2 {[%clk 0:20:25]} Rf8
{[%clk 0:29:13]} 40. c5 {[%clk 0:17:45]} Qg2 {[%clk 0:28:03]} 0-1